The king's speech (Record no. 23088)
[ view plain ]
| 000 -LEADER | |
|---|---|
| fixed length control field | 02608cgm a22005535a 4500 |
| 001 - CONTROL NUMBER | |
| control field | 8438540 |
| 005 - DATE AND TIME OF LATEST TRANSACTION | |
| control field | 20161115115204.0 |
| 007 - PHYSICAL DESCRIPTION FIXED FIELD--GENERAL INFORMATION | |
| fixed length control field | vd cvaizq |
| 008 - FIXED-LENGTH DATA ELEMENTS--GENERAL INFORMATION | |
| fixed length control field | 110207p20112010cau119 g vleng d |
| 020 ## - INTERNATIONAL STANDARD BOOK NUMBER | |
| International Standard Book Number | 013132313092 |
| 024 1# - OTHER STANDARD IDENTIFIER | |
| Standard number or code | 013132313092 |
| 028 42 - PUBLISHER NUMBER | |
| Publisher number | WC23130 |
| Source | Anchor Bay Entertainment |
| 035 ## - SYSTEM CONTROL NUMBER | |
| System control number | (OCoLC)ocn697662191 |
| 035 ## - SYSTEM CONTROL NUMBER | |
| System control number | (OCoLC)697662191 |
| 035 ## - SYSTEM CONTROL NUMBER | |
| System control number | (NNC)8438540 |
| 037 ## - SOURCE OF ACQUISITION | |
| Source of stock number/acquisition | Midwest Tape |
| Note | http://www.midwesttapes.com |
| 040 ## - CATALOGING SOURCE | |
| Original cataloging agency | TEFMT |
| Transcribing agency | TEFMT |
| Modifying agency | BTCTA |
| -- | TEF |
| -- | EG-ScBUE |
| 043 ## - GEOGRAPHIC AREA CODE | |
| Geographic area code | u-at--- |
| -- | e-uk--- |
| 082 04 - DEWEY DECIMAL CLASSIFICATION NUMBER | |
| Classification number | 791.4372 |
| Item number | KIN |
| Edition number | 22 |
| 245 04 - TITLE STATEMENT | |
| Title | The king's speech |
| Medium | [videorecording] / |
| Statement of responsibility, etc | The Weinstein Company and UK Film Council present in association with Momentum Pictures, Aegis Film Fund, Molinare, London Filmation Entertainment ; produced by Iain Canning, Emile Sherman, Gareth Unwin ; screenplay by David Seidler ; directed by Tom Hooper. |
| 260 ## - PUBLICATION, DISTRIBUTION, ETC. (IMPRINT) | |
| Place of publication, distribution, etc | Beverly Hills : |
| Name of publisher, distributor, etc | Anchor Bay Entertainment, |
| Date of publication, distribution, etc | 2011. |
| 300 ## - PHYSICAL DESCRIPTION | |
| Extent | 1 videodisc (119 min.) : |
| Other physical details | sd., col. ; |
| Dimensions | 4 3/4 in. |
| 500 ## - GENERAL NOTE | |
| General note | Previously released as a motion picture in 2011. |
| 508 ## - CREATION/PRODUCTION CREDITS NOTE | |
| Creation/production credits note | Cinematography, Danny Cohen ; editor, Tariq Anwar ; music, Alexandre Desplat. |
| 511 1# - PARTICIPANT OR PERFORMER NOTE | |
| Participant or performer note | Colin Firth, Geoffrey Rush, Helena Bonham Carter, Guy Pearce, Timothy Spall, Derek Jacobi, Jennifer Ehle, Michael Gambon. |
| 520 ## - SUMMARY, ETC. | |
| Summary, etc | The story of King George VI of Britain, his impromptu ascension to the throne and the speech therapist who helped the unsure monarch become worthy of it. |
| 521 8# - TARGET AUDIENCE NOTE | |
| Target audience note | MPAA rating: R; for some language. |
| 538 ## - SYSTEM DETAILS NOTE | |
| System details note | DVD ; region 1 ; widescreen (1.78:1) presentation ; Dolby digital 5.1. |
| 546 ## - LANGUAGE NOTE | |
| Language note | In English, with Spanish subtitles; with optional English subtitle for the deaf and hearing impaired (SDH). |
| 586 ## - AWARDS NOTE | |
| Awards note | Academy Award, Best Picture of 2010. |
| 600 00 - SUBJECT ADDED ENTRY--PERSONAL NAME | |
| Personal name | George |
| Numeration | VI, |
| Titles and other words associated with a name | King of Great Britain, |
| Dates associated with a name | 1895-1952 |
| Form subdivision | Drama. |
| 600 10 - SUBJECT ADDED ENTRY--PERSONAL NAME | |
| Personal name | Logue, Lionel, |
| Dates associated with a name | 1880-1953. |
| 650 #0 - SUBJECT ADDED ENTRY--TOPICAL TERM | |
| Topical term or geographic name as entry element | Speech therapists |
| Geographic subdivision | Australia |
| Form subdivision | Biography. |
| Source of heading or term | BUEsh |
| 650 #0 - SUBJECT ADDED ENTRY--TOPICAL TERM | |
| Topical term or geographic name as entry element | Speech therapy |
| Geographic subdivision | Great Britain |
| General subdivision | History |
| Chronological subdivision | 20th century. |
| Source of heading or term | BUEsh |
| 650 #0 - SUBJECT ADDED ENTRY--TOPICAL TERM | |
| Topical term or geographic name as entry element | Speech disorders |
| General subdivision | Patients |
| Form subdivision | Biography. |
| Source of heading or term | BUEsh |
| 653 ## - INDEX TERM--UNCONTROLLED | |
| Resource For college | Generalities |
| -- | |
| -- | Humanities: English |
| Arrived date list | November2016 |
| 655 #7 - INDEX TERM--GENRE/FORM | |
| Genre/form data or focus term | Feature films. |
| Source of term | BUEsh |
| 655 #7 - INDEX TERM--GENRE/FORM | |
| Genre/form data or focus term | Historical films. |
| Source of term | BUEsh |
| 655 #7 - INDEX TERM--GENRE/FORM | |
| Genre/form data or focus term | Biographical films. |
| Source of term | BUEsh |
| 700 1# - ADDED ENTRY--PERSONAL NAME | |
| Personal name | Seidler, David. |
| 700 1# - ADDED ENTRY--PERSONAL NAME | |
| Personal name | Hooper, Tom, |
| Dates associated with a name | 1972- |
| 700 1# - ADDED ENTRY--PERSONAL NAME | |
| Personal name | Firth, Colin, |
| Dates associated with a name | 1960- |
| 700 1# - ADDED ENTRY--PERSONAL NAME | |
| Personal name | Jacobi, Derek. |
| 700 1# - ADDED ENTRY--PERSONAL NAME | |
| Personal name | Rush, Geoffrey, |
| Dates associated with a name | 1951- |
| 700 1# - ADDED ENTRY--PERSONAL NAME | |
| Personal name | Bonham Carter, Helena, |
| Dates associated with a name | 1966- |
| 700 1# - ADDED ENTRY--PERSONAL NAME | |
| Personal name | Desplat, Alexandre. |
| 710 2# - ADDED ENTRY--CORPORATE NAME | |
| Corporate name or jurisdiction name as entry element | Anchor Bay Entertainment, Inc. |
| 942 ## - ADDED ENTRY ELEMENTS (KOHA) | |
| Source of classification or shelving scheme | Dewey Decimal Classification |
| Item type | |
| Withdrawn status | Lost status | Source of classification or shelving scheme | Damaged status | Not for loan | Koha collection | Location (home branch) | Sublocation or collection (holding branch) | Shelving location | Date acquired | Source of acquisition | Cost, normal purchase price | Invoice Number | Koha issues (times borrowed) | Koha full call number | Piece designation (barcode) | Koha date last seen | Cost, replacement price | Price effective from | Koha item type |
|---|---|---|---|---|---|---|---|---|---|---|---|---|---|---|---|---|---|---|---|
| Dewey Decimal Classification | Baccah | Central Library | Central Library | Second Floor | 12/11/2016 | Purchase | 92.00 | 24096 | 791.4372 KIN | 000034730 | 24/08/2022 | 115.00 | 12/11/2016 | CD | DVD - Movie (NB) |